Religion Quiz

Random Religion or Bible Quiz

Bible Book Imposters Quiz Stats

 Plays Quiz Updated Dec 23, 2013

Challenge
Share
Tweet
Embed
Score 0/66 Timer 04:00
0 Plays Today
% Correct
1 Corinthians
97.2%
2 Corinthians
95.5%
Genesis
95.4%
Exodus
95.1%
1 Kings
95.1%
Deuteronomy
94.8%
Matthew
94%
Acts
93.7%
Psalms
93.6%
Leviticus
93.5%
1 Thessalonians
93.4%
Mark
93%
Luke
92.9%
Ecclesiastes
92.7%
Numbers
92.5%
Job
92.4%
Revelation
92.4%
Proverbs
92.4%
Isaiah
92.1%
Hebrews
91.9%
Romans
91.6%
2 Kings
91.5%
Ephesians
91.3%
1 Chronicles
91.2%
Ezekiel
91.1%
Judges
90.7%
2 Thessalonians
90.3%
John
90.2%
Galatians
89.7%
Colossians
89.6%
2 Chronicles
89.3%
1 Samuel
89.3%
1 John
89.1%
% Correct
Jeremiah
88.7%
1 Timothy
88.7%
Philippians
88%
1 Peter
87.5%
Esther
86.6%
Joshua
85.7%
Ruth
85.6%
Lamentations
85.3%
2 Samuel
84.7%
2 John
84.5%
2 Timothy
84.4%
2 Peter
83.2%
Zechariah
83.1%
Daniel
83.1%
Nehemiah
82.7%
Ezra
80.7%
Hosea
80.4%
Micah
79.9%
Malachi
79.8%
James
79.4%
Amos
78.3%
Jude
77.1%
Jonah
76.6%
3 John
74.7%
Song of Songs
74.4%
Philemon
73.4%
Habakkuk
72.2%
Obadiah
72%
Titus
71.3%
Haggai
68.6%
Joel
67.2%
Zephaniah
65.5%
Nahum
60.4%

You're not logged in!

Compare scores with friends on all Sporcle quizzes.
OR
Log In

You Might Also Like...

Show Comments

Extras

Top Quizzes Today


Score Distribution

Your Account Isn't Verified!

In order to create a playlist on Sporcle, you need to verify the email address you used during registration. Go to your Sporcle Settings to finish the process.

Report this User

Report this user for behavior that violates our Community Guidelines.

Details: